000 00606nam a22001937a 4500
005 20240805143152.0
010 _aENG-141199
020 _c675.00
_a9788196775148
035 _aEN-124731
037 _bDBAD
082 _a005.74
_21
100 _aVora, Sejal
_969470
245 0 0 _aSimply Data:
_bData to Decisions/
_cBy Sejal Vora
250 _a1
260 _aMumbai
_bKabdwal Book International
270 _aPlot No. 179, D/42, Raigad CHS, Sector 1, Charkop, Kandivali(W)
_bMumbai
_e400067
_morder@kabdwalbook.com
300 _a255p.
_c22cm(pbk)
942 _2ddc
_cEN
_mVOR
_h005.74
_e1
999 _c204828
_d204828